Culture Générale - Série 1538 - Statistiques

Statistiques générales
  • Ce quiz a été pris 116 fois
  • Le résultat moyen est 5 sur 10
Statistiques - réponses
Question Réponse % Correct
Dans quel pays est né Ludwig van Beethoven ? Allemagne
97%
D'après le titre d'une chanson de 1989, quelle ville François Feldman associe-t-il aux valses ? Vienne
87%
Quel réalisateur américain (initiales QT) dirige Brad Pitt dans "Inglourious Basterds" ? Quentin Tarantino
79%
Sur quelle presqu'île du sud de l'Ukraine se trouve la station balnéaire de Yalta ? Crimée
62%
Quelle est la forme infinitive du verbe, dans la locution : "ci-gît" ? gésir
57%
De quel pays dépendent les îles Galapagos ? Équateur
52%
En Inde, quelle ville est la capitale du Bengale-Occidental ? Calcutta
41%
Qui est le partenaire de Michèle Morgan dans le film “Les Orgueilleux”, d'Yves Allégret ? Gérard Philipe
12%
Comment appelle-t-on l'apophyse de l'omoplate qui s'articule avec la clavicule ? acromion
9%
Dans “Cosmos 1999”, quel est le nom de la base du commandant Koening ? Alpha
3%
Aucun quiz correspondant
Distribution des résultats
% des personnes avec chaque résultat
Percentile par nombre de réponses
Votre historique - résultats
Vous n’avez pas pris ce quiz